00517nam a22001697a 450000500170000001000260001702000260004303500230006903700130009208200100010510000220011524500900013726000460022727000340027330000210030750000190032820230626121010.0 aENG-113663 ENG-137165 a9788189430085c250.00 aEN-97195 EN-120697 bDBAD/PUB a649.7 aKriyananda, Swami aEducation For Life:cby Swami KriyanandabPreparing Children to Meet The Challenges / aGurgaonbAnanda Sangha Publicationsc2008 bGurgaonaB-10/8, DLF Phase- I a303p.c23cm(pbk) aIncludes index